| 000 | 00569cam a22002172a 4500 | ||
|---|---|---|---|
| 001 | 010159 | ||
| 003 | AR-FADEU | ||
| 008 | 311216n1976####xxu####################dd | ||
| 020 | _a0-582-55700-3 | ||
| 092 |
_a407 _bE34 |
||
| 100 | _aEk, Jan Ate van | ||
| 245 | _aThe threshold level : for modern language learning in schools | ||
| 260 | _aStrasbourg | ||
| 260 | _bLongman | ||
| 260 | _c1976 | ||
| 300 | _a165 p | ||
| 440 | _aCouncil of Europe | ||
| 650 | _a/LINGUISTICA/LENGUAS MODERNAS-ESTUDIO Y ENSEÑANZA/REVISADO/ | ||
| 546 | _aInglés | ||
| 942 | _cBDGR | ||
| 999 |
_c15955 _d15955 |
||